| 000 | 00688nam a2200241 a 4500 | ||
|---|---|---|---|
| 005 | 20210219152910.0 | ||
| 008 | 991125n 000 0 eng u | ||
| 035 | _aUPN01000066191 | ||
| 100 | _aKirby, Sheila Nataraj | ||
| 222 | _aEDUCATIONAL EVALUATION AND POLICY ANALYSIS | ||
| 245 | _aBlack teachers in indiana : a potential shortage | ||
| 300 | _a181-194 | ||
| 362 | _a1993 15, No. 2 | ||
| 505 | _aNoviembre 1993 | ||
| 653 | 0 | _aESCUELAS PUBLICAS | |
| 653 | 0 | _aMAESTROS NEGROS | |
| 653 | 0 | _aMOBILIDAD DE LA FACULTAD | |
| 653 | 0 | _aMODELOS DE EMPLEO | |
| 653 | 0 | _aSUMINISTRO Y DEMANDA DE MAESTROS | |
| 700 | _aHudson, Luisa | ||
| 904 |
_aAC _b004002 |
||
| 905 | _aArticulo | ||
| 999 |
_c63363 _d63363 |
||